| 000 | 00561nam a22001817a 4500 | ||
|---|---|---|---|
| 005 | 20251128115810.0 | ||
| 008 | 251125b |||||||| |||| 00| 0 eng d | ||
| 020 | _a978-93-88022-90-3 | ||
| 041 | _aeng | ||
| 082 | _a615.3 SAN-T | ||
| 100 |
_aSANSARE, VIPUL A. & KANAVAJE, ABHIJEET M AND UDDIN, REHAN _98826 |
||
| 245 | _aTEXTBOOK OF PHARMACEUTICS - II : For 2nd, year Diploma in Pharmacy | ||
| 250 | _are, print ed, 2023 | ||
| 260 |
_aNEW DELHI _bINNOVATIVE PUBLICATIONS PVT, LTD _c2023 |
||
| 300 | _a178;P | ||
| 650 |
_aPHARMACY _xD.PHARMA |
||
| 942 | _cBK | ||
| 999 |
_c9008 _d9006 |
||